|
|
|
|
| LEADER |
00000nab a2200000 a 4500 |
| 001 |
vtls000704057 |
| 003 |
SK-MaSNL |
| 005 |
20260303222039.0 |
| 008 |
180205c1999 xo 0 slo |
| 015 |
|
|
|a SNBRB1999/10-22897
|
| 035 |
|
|
|a CLN000056224
|
| 040 |
|
|
|a SNKBUCL
|b slo
|c SNKBUCL
|e AACR2
|
| 041 |
0 |
|
|a slo
|
| 044 |
|
|
|a xo
|c SK
|
| 080 |
|
|
|a 908.536.2
|2 UDC-MRF-SK2
|
| 100 |
1 |
|
|a Kadlečíková, Maja,
|d 1972-
|4 aut
|9 166756
|
| 245 |
1 |
0 |
|a Arabský svet otvára dvere
|c Maja Kadlečíková
|
| 300 |
|
|
|b Fotogr.
|
| 651 |
|
7 |
|a Spojené arabské emiráty
|2 snkbucl
|9 17416
|
| 655 |
|
7 |
|a články z novín a časopisov
|2 snkbucl
|9 267496
|
| 773 |
0 |
|
|x 1210-2040
|t Plus 7 dní
|g Roč. 10, č. 23 (1999), s. 46-51
|
| 850 |
|
|
|a Slovenská národná knižnica v Martine
|
| 852 |
|
|
|a SNK
|b KIS3GCP
|
| 958 |
|
|
|a RBX
|
| 999 |
|
|
|c 2237862
|d 2239792
|